[Event "Bundesliga 0102"]
[Site "Deutschland"]
[Date "2002.04.28"]
[Round "15.4"]
[White "Borriss, Martin"]
[Black "Wahls, Matthias"]
[Result "0-1"]
[WhiteElo "2445"]
[BlackElo "2580"]
[PlyCount "110"]
[EventDate "2001.10.06"]
[EventType "team"]
[EventRounds "15"]
[EventCountry "GER"]
[SourceTitle "Bundesliga 0102"]
[Source "DeepChess"]
[SourceDate "2005.01.01"]
[SourceVersion "1"]
[SourceVersionDate "2005.01.01"]
[SourceQuality "1"]
[WhiteTeam "SF Neukoelln 03 e.V."]
[BlackTeam "Hamburger SK 1830 e.V."]
[WhiteTeamCountry "GER"]
[BlackTeamCountry "GER"]

1. e4 c5 2. Nf3 a6 3. Nc3 b5 4. d4 cxd4 5. Nxd4 Bb7 6. Bd3 e6 7. Be3 Qc7 8. O-O
Nf6 9. a3 Bc5 10. h3 O-O 11. Qe2 d6 12. f4 Qb6 13. Qf2 Nc6 14. e5 Bxd4 15. Bxd4
Qxd4 16. exf6 Qxf6 17. Ne4 Qe7 18. f5 f6 19. fxe6 Ne5 20. Qd4 Rfd8 21. a4 bxa4
22. Rxa4 Qxe6 23. Rb4 Qd5 24. Qxd5+ Bxd5 25. Rd4 Nxd3 26. cxd3 Bxe4 27. dxe4
Rab8 28. Ra1 Rb6 29. Rda4 Ra8 30. b4 Kf7 31. b5 Rxb5 32. Rxa6 Rxa6 33. Rxa6 Ke6
34. Ra7 Rg5 35. Kf2 h5 36. g3 Rg6 37. Kf3 Rg5 38. h4 Rg4 39. Ra5 g6 40. Rb5 g5
41. hxg5 Rxg5 42. Rb8 f5 43. Re8+ Kf7 44. Rd8 fxe4+ 45. Kxe4 Re5+ 46. Kf4 Ke6
47. g4 hxg4 48. Kxg4 Kd5 49. Kf4 Re6 50. Ra8 Kc4 51. Ra4+ Kc5 52. Ra1 d5 53.
Rc1+ Kb4 54. Rb1+ Kc3 55. Rc1+ Kd2 0-1

[Event "Bundesliga 0102"]
[Site "Deutschland"]
[Date "2002.04.28"]
[Round "15.5"]
[White "Mueller, Karsten"]
[Black "Polzin, Rainer"]
[Result "1-0"]
[WhiteElo "2503"]
[BlackElo "2469"]
[PlyCount "83"]
[EventDate "2001.10.06"]
[EventType "team"]
[EventRounds "15"]
[EventCountry "GER"]
[SourceTitle "Bundesliga 0102"]
[Source "DeepChess"]
[SourceDate "2005.01.01"]
[SourceVersion "1"]
[SourceVersionDate "2005.01.01"]
[SourceQuality "1"]
[WhiteTeam "Hamburger SK 1830 e.V."]
[BlackTeam "SF Neukoelln 03 e.V."]
[WhiteTeamCountry "GER"]
[BlackTeamCountry "GER"]

1. e4 c5 2. Nf3 d6 3. d4 cxd4 4. Nxd4 Nf6 5. Nc3 g6 6. Be3 Bg7 7. f3 O-O 8. Qd2
Nc6 9. O-O-O Nxd4 10. Bxd4 Be6 11. Kb1 Qc7 12. g4 Rfc8 13. h4 Qa5 14. a3 Rab8
15. Nd5 Qxd2 16. Rxd2 Bxd5 17. exd5 a6 18. h5 Nd7 19. g5 Bxd4 20. Rxd4 Rc5 21.
Bh3 Ne5 22. f4 Rc4 23. Rhd1 Rxd4 24. Rxd4 Nf3 25. Rd3 Nh4 26. h6 Kf8 27. Rc3
Ke8 28. b4 Nf5 29. Kb2 Kd7 30. Kb3 e6 31. Ka4 Ne7 32. dxe6+ fxe6 33. Re3 b5+
34. Kb3 Nf5 35. Bxf5 gxf5 36. c4 Re8 37. c5 Kc6 38. cxd6 Kxd6 39. a4 Rc8 40.
axb5 axb5 41. Rd3+ Ke7 42. Rc3 1-0

[Event "Bundesliga 0102"]
[Site "Deutschland"]
[Date "2002.04.28"]
[Round "15.6"]
[White "Poldauf, Dirk"]
[Black "Heinemann, Thies"]
[Result "0-1"]
[WhiteElo "2403"]
[BlackElo "2465"]
[PlyCount "142"]
[EventDate "2001.10.06"]
[EventType "team"]
[EventRounds "15"]
[EventCountry "GER"]
[SourceTitle "Bundesliga 0102"]
[Source "DeepChess"]
[SourceDate "2005.01.01"]
[SourceVersion "1"]
[SourceVersionDate "2005.01.01"]
[SourceQuality "1"]
[WhiteTeam "SF Neukoelln 03 e.V."]
[BlackTeam "Hamburger SK 1830 e.V."]
[WhiteTeamCountry "GER"]
[BlackTeamCountry "GER"]

1. c4 c5 2. g3 g6 3. Bg2 Nc6 4. Nc3 Bg7 5. a3 e6 6. b4 d6 7. Bb2 Nge7 8. Qb1 e5
9. b5 Na5 10. Qa2 Be6 11. d3 O-O 12. Nf3 h6 13. Nd2 Qc7 14. Nf1 a6 15. bxa6
Rxa6 16. Ne3 Nac6 17. Qb1 Nd4 18. Qd1 Qa5 19. Ra2 b5 20. O-O Rb8 21. Ned5 Nxd5
22. Nxd5 bxc4 23. dxc4 Qa4 24. Bxd4 exd4 25. Qxa4 Rxa4 26. h4 Rb3 27. Rc1 Raxa3
28. Rxa3 Rxa3 29. Rb1 Ra4 30. Rc1 Be5 31. Be4 Kg7 32. f4 Bf6 33. Kf2 Bd8 34.
Kf3 Ra3+ 35. Kf2 Ba5 36. Rc2 Bg4 37. Bd3 Ra1 38. Rb2 Bh3 39. Rb1 Rxb1 40. Bxb1
Bd2 41. Be4 h5 42. Bd3 Bd7 43. Nb6 Be6 44. Be4 Ba5 45. Nd5 f6 46. f5 gxf5 47.
Bf3 Kh6 48. Kf1 Bd2 49. Kf2 Ba5 50. Kf1 Bd8 51. Kf2 Bf7 52. Kg2 f4 53. gxf4 Bg6
54. e4 f5 55. e5 dxe5 56. fxe5 Bxh4 57. e6 Bg5 58. Be2 Be8 59. Bd3 Kg6 60. Kg3
h4+ 61. Kh3 Bc6 62. Kh2 Bxd5 63. cxd5 Be7 64. Kg2 Kf6 65. Kf3 Ke5 66. Bc4 Bd6
67. Bd3 Kxd5 68. Bxf5 c4 69. Ke2 Ke5 70. Bh7 Be7 71. Kf3 d3 0-1

[Event "Bundesliga 0102"]
[Site "Deutschland"]
[Date "2002.04.28"]
[Round "15.7"]
[White "Reeh, Oliver"]
[Black "Thiede, Lars"]
[Result "1/2-1/2"]
[WhiteElo "2416"]
[BlackElo "2410"]
[PlyCount "66"]
[EventDate "2001.10.06"]
[EventType "team"]
[EventRounds "15"]
[EventCountry "GER"]
[SourceTitle "Bundesliga 0102"]
[Source "DeepChess"]
[SourceDate "2005.01.01"]
[SourceVersion "1"]
[SourceVersionDate "2005.01.01"]
[SourceQuality "1"]
[WhiteTeam "Hamburger SK 1830 e.V."]
[BlackTeam "SF Neukoelln 03 e.V."]
[WhiteTeamCountry "GER"]
[BlackTeamCountry "GER"]

1. e4 g6 2. d4 Bg7 3. Nc3 d6 4. f4 a6 5. Nf3 Nd7 6. Be3 b5 7. e5 Nh6 8. Bd3 Bb7
9. O-O c5 10. dxc5 Ng4 11. Qe2 dxe5 12. Nxe5 Ngxe5 13. fxe5 Nxe5 14. Be4 Bxe4
15. Rad1 Qc7 16. Nxe4 O-O 17. c3 f5 18. Ng5 Ng4 19. Bf4 Qxc5+ 20. Kh1 Qc4 21.
Qxc4+ bxc4 22. Ne6 Rfc8 23. Rd7 Bf6 24. h3 Ne5 25. Bxe5 Bxe5 26. Rxe7 Re8 27.
Rxe8+ Rxe8 28. Nc5 Rb8 29. Nd7 Rb5 30. a4 Rd5 31. Nb6 Rc5 32. Nd7 Rd5 33. Nb6
Rc5 1/2-1/2

[Event "Bundesliga 0102"]
[Site "Deutschland"]
[Date "2002.04.28"]
[Round "15.8"]
[White "Rudolf, Henrik"]
[Black "Sebastian, Dirk"]
[Result "1/2-1/2"]
[WhiteElo "2328"]
[BlackElo "2361"]
[PlyCount "114"]
[EventDate "2001.10.06"]
[EventType "team"]
[EventRounds "15"]
[EventCountry "GER"]
[SourceTitle "Bundesliga 0102"]
[Source "DeepChess"]
[SourceDate "2005.01.01"]
[SourceVersion "1"]
[SourceVersionDate "2005.01.01"]
[SourceQuality "1"]
[WhiteTeam "SF Neukoelln 03 e.V."]
[BlackTeam "Hamburger SK 1830 e.V."]
[WhiteTeamCountry "GER"]
[BlackTeamCountry "GER"]

1. e4 e5 2. Nf3 Nc6 3. Bb5 a6 4. Ba4 Nf6 5. O-O Bc5 6. c3 b5 7. Bc2 d5 8. d4
dxe4 9. Nxe5 Nxe5 10. dxe5 Qxd1 11. Bxd1 Ng4 12. Bxg4 Bxg4 13. a4 O-O 14. Re1
Rad8 15. axb5 axb5 16. Na3 b4 17. Nc4 bxc3 18. bxc3 Be6 19. Be3 Bxe3 20. Nxe3
Rd3 21. c4 f5 22. exf6 gxf6 23. g4 Rf7 24. Ra8+ Kg7 25. Re8 Rd6 26. Kg2 Rfd7
27. Nf5+ Bxf5 28. gxf5 Kh6 29. R8xe4 Kg5 30. Kf3 Rd3+ 31. R1e3 R7d4 32. Rxd3
Rxd3+ 33. Ke2 Rd7 34. Re6 Kxf5 35. Rc6 Re7+ 36. Kd3 Ke5 37. Ke3 Kf5+ 38. Kd4
Rd7+ 39. Kc5 Ke5 40. h3 h5 41. Kb5 Rd2 42. Rxc7 Rxf2 43. Rc5+ Ke4 44. Rxh5 f5
45. Rh8 Rb2+ 46. Kc6 f4 47. Re8+ Kd4 48. c5 f3 49. Kd6 f2 50. Rf8 Ke3 51. c6
Rd2+ 52. Ke6 Rc2 53. Kd7 Rd2+ 54. Kc8 Rd1 55. h4 f1=Q 56. Rxf1 Rxf1 57. c7 Kf4
1/2-1/2

[Event "Bundesliga 0102"]
[Site "Deutschland"]
[Date "2002.04.28"]
[Round "15.1"]
[White "Pajeken, Wolfgang"]
[Black "Beliavsky, Alexander G"]
[Result "0-1"]
[WhiteElo "2339"]
[BlackElo "2659"]
[PlyCount "120"]
[EventDate "2001.10.06"]
[EventType "team"]
[EventRounds "15"]
[EventCountry "GER"]
[SourceTitle "Bundesliga 0102"]
[Source "DeepChess"]
[SourceDate "2005.01.01"]
[SourceVersion "1"]
[SourceVersionDate "2005.01.01"]
[SourceQuality "1"]
[WhiteTeam "SC Koenigsspringer 1984 Hamburg"]
[BlackTeam "SK Koenig Plauen"]
[WhiteTeamCountry "GER"]
[BlackTeamCountry "GER"]

1. d4 e6 2. c4 b6 3. Nf3 Bb7 4. e3 g6 5. Be2 Bg7 6. O-O Nf6 7. Nc3 O-O 8. b3 d5
9. Ba3 Re8 10. Rc1 a6 11. Qc2 Nbd7 12. Rfd1 Qb8 13. Na4 dxc4 14. bxc4 b5 15.
Nc5 b4 16. Nxb7 Qxb7 17. c5 bxa3 18. c6 Qb2 19. cxd7 Nxd7 20. Bf1 Nb6 21. Rd2
Qxc2 22. Rdxc2 Nd5 23. Bc4 Nb4 24. Rc3 c5 25. Rxa3 cxd4 26. Ra4 Rab8 27. a3 Nc6
28. Nxd4 Nxd4 29. exd4 Bxd4 30. Bxa6 Red8 31. Rac4 Bb2 32. Rb1 Rd2 33. a4 Rb6
34. Bb5 Bd4 35. Rf1 Rd6 36. g4 Rd5 37. Kg2 h5 38. h3 Re5 39. Rcc1 hxg4 40. hxg4
Bb6 41. Rcd1 Red5 42. Rxd2 Rxd2 43. Kf3 Ra2 44. g5 Rb2 45. Kg3 Rb3+ 46. f3 Bc7+
47. Kg4 Rb4+ 48. Kh3 Bf4 49. Ra1 Bxg5 50. Bc6 Rb2 51. Kg4 Bd2 52. a5 f5+ 53.
Kg3 g5 54. Rh1 Bxa5 55. Bd7 Bc7+ 56. Kh3 Kf7 57. Bc8 Kf6 58. Bd7 Rd2 59. Bc6
Bf4 60. Bb5 Rf2 0-1

[Event "Bundesliga 0102"]
[Site "Deutschland"]
[Date "2002.04.28"]
[Round "15.2"]
[White "Bischoff, Klaus"]
[Black "Hochgraefe, Markus"]
[Result "1/2-1/2"]
[WhiteElo "2541"]
[BlackElo "2334"]
[PlyCount "53"]
[EventDate "2001.10.06"]
[EventType "team"]
[EventRounds "15"]
[EventCountry "GER"]
[SourceTitle "Bundesliga 0102"]
[Source "DeepChess"]
[SourceDate "2005.01.01"]
[SourceVersion "1"]
[SourceVersionDate "2005.01.01"]
[SourceQuality "1"]
[WhiteTeam "SK Koenig Plauen"]
[BlackTeam "SC Koenigsspringer 1984 Hamburg"]
[WhiteTeamCountry "GER"]
[BlackTeamCountry "GER"]

1. c4 Nf6 2. Nc3 e6 3. Nf3 d5 4. d4 Be7 5. Bg5 h6 6. Bh4 O-O 7. e3 b6 8. Be2
Bb7 9. Bxf6 Bxf6 10. cxd5 exd5 11. b4 c5 12. bxc5 bxc5 13. Rb1 Bc6 14. O-O Nd7
15. Bb5 Qc7 16. Qd2 Rfd8 17. Rfc1 Rab8 18. Bxc6 Rxb1 19. Nxb1 Qxc6 20. dxc5
Nxc5 21. Qa5 Nb7 22. Qd2 Qb6 23. Nc3 d4 24. Ne4 dxe3 25. Nxf6+ Qxf6 26. Qxe3
Qb6 27. Qf4 1/2-1/2

[Event "Bundesliga 0102"]
[Site "Deutschland"]
[Date "2002.04.28"]
[Round "15.3"]
[White "Trisic, Alexandar"]
[Black "Boensch, Uwe"]
[Result "1/2-1/2"]
[WhiteElo "2316"]
[BlackElo "2542"]
[PlyCount "130"]
[EventDate "2001.10.06"]
[EventType "team"]
[EventRounds "15"]
[EventCountry "GER"]
[SourceTitle "Bundesliga 0102"]
[Source "DeepChess"]
[SourceDate "2005.01.01"]
[SourceVersion "1"]
[SourceVersionDate "2005.01.01"]
[SourceQuality "1"]
[WhiteTeam "SC Koenigsspringer 1984 Hamburg"]
[BlackTeam "SK Koenig Plauen"]
[WhiteTeamCountry "GER"]
[BlackTeamCountry "GER"]

1. d4 Nf6 2. Nf3 e6 3. c4 d5 4. Nc3 Be7 5. cxd5 exd5 6. Bg5 c6 7. e3 Bf5 8. Bd3
Bxd3 9. Qxd3 Nbd7 10. O-O O-O 11. h3 Bd6 12. e4 dxe4 13. Nxe4 Be7 14. Rfe1 Re8
15. Ng3 Qa5 16. Nf5 Bf8 17. a3 a6 18. Ne3 Qb5 19. Qc2 h6 20. Bh4 Nd5 21. Nc4 a5
22. Nce5 Nxe5 23. dxe5 Nf4 24. Rad1 c5 25. Re4 Ng6 26. Bg3 Rad8 27. Rde1 Re6
28. R1e3 Qd7 29. Kh2 b5 30. a4 Rb8 31. Rd3 Qc6 32. Rd2 Be7 33. h4 Rd8 34. h5
Nf8 35. Rxd8 Bxd8 36. Nd2 bxa4 37. f4 Re7 38. Rxa4 Rd7 39. Ne4 Ne6 40. Nd6 Bc7
41. Nf5 Qd5 42. Rc4 Qd3 43. Nd6 Qxc2 44. Rxc2 Bxd6 45. exd6 f5 46. Be1 Rxd6 47.
Bxa5 Rd4 48. g3 Re4 49. Bb6 c4 50. Kg2 g5 51. hxg6 h5 52. Kf1 h4 53. gxh4 Nxf4
54. Rf2 Kg7 55. Rf3 Kxg6 56. Re3 Rxe3 57. Bxe3 Nd3 58. Bd4 Kh5 59. Ke2 Kxh4 60.
Kd2 Nf4 61. Bf2+ Kg4 62. Kc3 Kf3 63. Ba7 Nd3 64. b3 cxb3 65. Kxd3 f4 1/2-1/2

[Event "Bundesliga 0102"]
[Site "Deutschland"]
[Date "2002.04.28"]
[Round "15.5"]
[White "Voigt, Martin"]
[Black "Espig, Lutz"]
[Result "1-0"]
[WhiteElo "2300"]
[BlackElo "2421"]
[PlyCount "49"]
[EventDate "2001.10.06"]
[EventType "team"]
[EventRounds "15"]
[EventCountry "GER"]
[SourceTitle "Bundesliga 0102"]
[Source "DeepChess"]
[SourceDate "2005.01.01"]
[SourceVersion "1"]
[SourceVersionDate "2005.01.01"]
[SourceQuality "1"]
[WhiteTeam "SC Koenigsspringer 1984 Hamburg"]
[BlackTeam "SK Koenig Plauen"]
[WhiteTeamCountry "GER"]
[BlackTeamCountry "GER"]

1. e4 c5 2. Nf3 e6 3. b3 d6 4. Bb2 Nf6 5. e5 dxe5 6. Nxe5 Nbd7 7. f4 Be7 8. Na3
O-O 9. Bd3 Ne8 10. Qh5 f5 11. O-O-O Nef6 12. Qf3 Nd5 13. Kb1 Nxe5 14. fxe5 Bd7
15. Rhf1 a6 16. g4 Nb4 17. gxf5 exf5 18. Bc4+ Kh8 19. Rg1 Bc6 20. Qg3 g6 21. d4
cxd4 22. Rxd4 Qe8 23. Rh4 b5 24. e6+ Bf6 25. Qc7 1-0

[Event "Bundesliga 0102"]
[Site "Deutschland"]
[Date "2002.04.28"]
[Round "15.6"]
[White "Kuraszkiewicz, Michael"]
[Black "Von Buelow, Georg"]
[Result "0-1"]
[WhiteElo "2350"]
[BlackElo "2298"]
[PlyCount "78"]
[EventDate "2001.10.06"]
[EventType "team"]
[EventRounds "15"]
[EventCountry "GER"]
[SourceTitle "Bundesliga 0102"]
[Source "DeepChess"]
[SourceDate "2005.01.01"]
[SourceVersion "1"]
[SourceVersionDate "2005.01.01"]
[SourceQuality "1"]
[WhiteTeam "SK Koenig Plauen"]
[BlackTeam "SC Koenigsspringer 1984 Hamburg"]
[WhiteTeamCountry "GER"]
[BlackTeamCountry "GER"]

1. d4 Nf6 2. Nf3 g6 3. Bf4 Bg7 4. e3 O-O 5. h3 d6 6. Be2 Nbd7 7. O-O e6 8. Bh2
Qe7 9. c4 b6 10. Nc3 Bb7 11. Rc1 Ne8 12. b4 f5 13. Qb3 Rb8 14. Rfd1 Kh8 15. Qa4
a5 16. a3 axb4 17. axb4 Ra8 18. Qb3 Rb8 19. Ra1 g5 20. Ra7 h6 21. Ne1 Qf7 22.
c5 bxc5 23. dxc5 dxc5 24. Nb5 Bd5 25. Qa4 f4 26. exf4 cxb4 27. Nf3 gxf4 28. Qa5
c6 29. Nc7 Nxc7 30. Qxc7 Rbd8 31. Nd2 Qg6 32. Nf3 Ne5 33. Nh4 Qf6 34. g3 Rf7
35. Qb6 Rxa7 36. Qxa7 f3 37. Bf1 b3 38. Qc7 b2 39. g4 Nf7 $138 0-1

[Event "Bundesliga 0102"]
[Site "Deutschland"]
[Date "2002.04.28"]
[Round "15.7"]
[White "Berger, Steve"]
[Black "Haskamp, Stephan"]
[Result "1/2-1/2"]
[WhiteElo "2311"]
[BlackElo "2310"]
[PlyCount "73"]
[EventDate "2001.10.06"]
[EventType "team"]
[EventRounds "15"]
[EventCountry "GER"]
[SourceTitle "Bundesliga 0102"]
[Source "DeepChess"]
[SourceDate "2005.01.01"]
[SourceVersion "1"]
[SourceVersionDate "2005.01.01"]
[SourceQuality "1"]
[WhiteTeam "SC Koenigsspringer 1984 Hamburg"]
[BlackTeam "SK Koenig Plauen"]
[WhiteTeamCountry "GER"]
[BlackTeamCountry "GER"]

1. e4 d6 2. d4 g6 3. Nc3 c6 4. Bc4 Bg7 5. Qf3 e6 6. Nge2 b5 7. Bd3 a6 8. a4 b4
9. Nd1 a5 10. h4 Nf6 11. e5 dxe5 12. dxe5 Nfd7 13. Bf4 Nxe5 14. Bxe5 Bxe5 15.
h5 Qf6 16. Qe4 Ba6 17. Bxa6 Rxa6 18. Ne3 Nd7 19. Rd1 Nc5 20. Qc4 Qe7 21. b3 O-O
22. f4 Bg7 23. Rh3 Raa8 24. Kf2 Rad8 25. Rdh1 Rd2 26. hxg6 hxg6 27. Ng4 Rfd8
28. Ne5 R8d5 29. Re3 Qd6 30. Nf3 Bd4 31. Nxd2 Bxe3+ 32. Kxe3 Rxd2 33. Nd4 Rxg2
34. Kf3 Rd2 35. Ke3 Rg2 36. Kf3 Rd2 37. Ke3 1/2-1/2

[Event "Bundesliga 0102"]
[Site "Deutschland"]
[Date "2002.04.28"]
[Round "15.8"]
[White "Sandner, Gunter"]
[Black "Rosmann, Ilja"]
[Result "1-0"]
[WhiteElo "2327"]
[BlackElo "2213"]
[PlyCount "139"]
[EventDate "2001.10.06"]
[EventType "team"]
[EventRounds "15"]
[EventCountry "GER"]
[SourceTitle "Bundesliga 0102"]
[Source "DeepChess"]
[SourceDate "2005.01.01"]
[SourceVersion "1"]
[SourceVersionDate "2005.01.01"]
[SourceQuality "1"]
[WhiteTeam "SK Koenig Plauen"]
[BlackTeam "SC Koenigsspringer 1984 Hamburg"]
[WhiteTeamCountry "GER"]
[BlackTeamCountry "GER"]

1. Nf3 c5 2. g3 Nc6 3. Bg2 d5 4. d4 e6 5. O-O Nf6 6. c4 dxc4 7. Ne5 Nxe5 8.
dxe5 Nd5 9. Qa4+ Bd7 10. Qxc4 Qc7 11. Nc3 Nxc3 12. bxc3 Bc6 13. Bxc6+ Qxc6 14.
a4 O-O-O 15. Bg5 Rd5 16. Qe4 h6 17. Be3 Qc7 18. f4 g6 19. c4 Rd7 20. Rfb1 Be7
21. Rb5 Rhd8 22. Kf2 Qc6 23. Qxc6+ bxc6 24. Ra5 Rb7 25. h4 h5 26. Ra3 Kc7 27.
Bxc5 Bxc5+ 28. Rxc5 Rb2 29. a5 Rdd2 30. Re3 Ra2 31. Kf3 Rdc2 32. Re4 Ra3+ 33.
Re3 Ra4 34. Re4 Ra3+ 35. Kf2 Raa2 36. Re3 Ra4 37. Rb3 Raa2 38. Re3 Ra4 39. Re4
Raa2 40. Kf1 Ra1+ 41. Kg2 Raa2 42. Kf2 Rab2 43. Kf3 Rb3+ 44. Re3 Rb4 45. g4
Rcxc4 46. Rxc4 Rxc4 47. gxh5 gxh5 48. Ra3 Rb4 49. Ra1 c5 50. Rg1 Kc6 51. Rg7 c4
52. e3 Rb7 53. Ke2 Rd7 54. e4 c3 55. Rg3 Kb5 56. Rxc3 Kxa5 57. Rb3 Ka4 58. Rb8
a5 59. Ke3 Ka3 60. f5 a4 61. Rb6 Re7 62. Kf4 Ka2 63. Kg5 exf5 64. Kf6 Rc7 65.
exf5 a3 66. e6 fxe6 67. fxe6 Ka1 68. e7 Rc8 69. Kf7 a2 70. Ra6 1-0

[Event "Bundesliga 0102"]
[Site "Deutschland"]
[Date "2002.04.28"]
[Round "15.2"]
[White "Appel, Ralf"]
[Black "Fressinet, Laurent"]
[Result "1/2-1/2"]
[WhiteElo "2512"]
[BlackElo "2606"]
[PlyCount "133"]
[EventDate "2001.10.06"]
[EventType "team"]
[EventRounds "15"]
[EventCountry "GER"]
[SourceTitle "Bundesliga 0102"]
[Source "DeepChess"]
[SourceDate "2005.01.01"]
[SourceVersion "1"]
[SourceVersionDate "2005.01.01"]
[SourceQuality "1"]
[WhiteTeam "SV Castrop Rauxel 1923"]
[BlackTeam "SG 1868 Aljech. Solingen"]
[WhiteTeamCountry "GER"]
[BlackTeamCountry "GER"]

1. e4 c5 2. Nf3 d6 3. c3 Nf6 4. Be2 Bd7 5. d3 Bc6 6. O-O Nbd7 7. b4 b6 8. Nbd2
g6 9. bxc5 bxc5 10. Re1 Bg7 11. Bf1 O-O 12. d4 e6 13. Bd3 Rb8 14. Qe2 Qc7 15.
Nf1 Nb6 16. Bf4 Na4 17. Qd2 Nh5 18. Bh6 Qa5 19. Bxg7 Kxg7 20. Rac1 Nb2 21. Bb1
Nc4 22. Qg5 Rb2 23. Ne3 Nxe3 24. Qxe3 Nf6 25. Qf4 Rd8 26. Qh4 Rdb8 27. e5 Nh5
28. Ng5 Qd8 29. g4 h6 30. Nxe6+ fxe6 31. Qxd8 Rxd8 32. gxh5 gxh5 33. exd6 Kf6
34. Be4 Bxe4 35. Rxe4 Rxd6 36. dxc5 Rc6 37. Rd1 Rxa2 38. Rd6 Rxd6 39. cxd6 Rd2
40. Rf4+ Ke5 41. Ra4 Rxd6 42. Rxa7 Rc6 43. Ra5+ Kf4 44. Rxh5 Rxc3 45. Rxh6 e5
46. Kg2 e4 47. Rf6+ Kg5 48. Re6 Kf4 49. Re8 Rc4 50. Rf8+ Kg5 51. Rg8+ Kf4 52.
h3 Rc2 53. Rg4+ Kf5 54. Rg3 Rc8 55. h4 Rh8 56. Kh3 Kf4 57. Rg7 Rf8 58. Rg3 Rh8
59. Ra3 Rd8 60. Rg3 Rh8 61. Rg6 Rf8 62. h5 Kf3 63. Re6 Rf5 64. Kh4 Rf4+ 65. Kg5
Rg4+ 66. Kf5 Rh4 67. Kg5 1/2-1/2

[Event "Bundesliga 0102"]
[Site "Deutschland"]
[Date "2002.04.28"]
[Round "15.3"]
[White "Sadler, Matthew"]
[Black "Gallagher, Joseph G"]
[Result "1-0"]
[WhiteElo "2631"]
[BlackElo "2516"]
[PlyCount "79"]
[EventDate "2001.10.06"]
[EventType "team"]
[EventRounds "15"]
[EventCountry "GER"]
[SourceTitle "Bundesliga 0102"]
[Source "DeepChess"]
[SourceDate "2005.01.01"]
[SourceVersion "1"]
[SourceVersionDate "2005.01.01"]
[SourceQuality "1"]
[WhiteTeam "SG 1868 Aljech. Solingen"]
[BlackTeam "SV Castrop Rauxel 1923"]
[WhiteTeamCountry "GER"]
[BlackTeamCountry "GER"]

1. d4 Nf6 2. c4 g6 3. Nc3 Bg7 4. e4 d6 5. Nf3 O-O 6. h3 e5 7. d5 Na6 8. Bg5 h6
9. Be3 Nc5 10. Nd2 a5 11. Be2 Bd7 12. h4 c6 13. g4 a4 14. g5 hxg5 15. hxg5 Nh7
16. Rg1 Qa5 17. Qb1 cxd5 18. Nxd5 Rfe8 19. f3 Qd8 20. Qc1 Bc6 21. Nb1 Ne6 22.
Nbc3 Nd4 23. Qd2 Rc8 24. Kf2 Rf8 25. Rg3 Bxd5 26. Nxd5 f5 27. Bxd4 exd4 28.
exf5 Rxf5 29. Rag1 Be5 30. f4 Qf8 31. Rf3 d3 32. Bxd3 Bd4+ 33. Kg2 Rxd5 34. Be4
Bxg1 35. Bxd5+ Kh8 36. Qc3+ Qg7 37. Kxg1 Re8 38. Kf2 b6 39. Qxg7+ Kxg7 40. Re3
1-0

[Event "Bundesliga 0102"]
[Site "Deutschland"]
[Date "2002.04.28"]
[Round "15.4"]
[White "Hoffmann, Michael"]
[Black "Lobron, Eric"]
[Result "1-0"]
[WhiteElo "2448"]
[BlackElo "2524"]
[PlyCount "81"]
[EventDate "2001.10.06"]
[EventType "team"]
[EventRounds "15"]
[EventCountry "GER"]
[SourceTitle "Bundesliga 0102"]
[Source "DeepChess"]
[SourceDate "2005.01.01"]
[SourceVersion "1"]
[SourceVersionDate "2005.01.01"]
[SourceQuality "1"]
[WhiteTeam "SV Castrop Rauxel 1923"]
[BlackTeam "SG 1868 Aljech. Solingen"]
[WhiteTeamCountry "GER"]
[BlackTeamCountry "GER"]

1. d4 Nf6 2. c4 e6 3. g3 c5 4. Nf3 cxd4 5. Nxd4 d5 6. Bg2 e5 7. Nf3 d4 8. O-O
Nc6 9. e3 Bc5 10. exd4 Bxd4 11. Nxd4 exd4 12. Re1+ Be6 13. Qb3 Qd7 14. Bg5 Ng4
15. Qa3 h6 16. Bf4 Rd8 17. Bh3 Nf6 18. Nd2 Qe7 19. c5 O-O 20. Bd6 Qd7 21. Bxe6
fxe6 22. Bxf8 Rxf8 23. Qb3 Nd5 24. Re2 Kh8 25. Nc4 Qf7 26. Rf1 Qh5 27. Rxe6 Nf4
28. Re4 d3 29. Nd2 Ne5 30. Rxf4 Rxf4 31. gxf4 Qg4+ 32. Kh1 Qxf4 33. Qd5 Ng4 34.
Qd8+ Kh7 35. Qxd3+ Kh8 36. Nf3 Kg8 37. h3 Ne5 38. Nxe5 Qxe5 39. Qe3 Qd5+ 40.
Kh2 Qxa2 41. Qe8+ 1-0

[Event "Bundesliga 0102"]
[Site "Deutschland"]
[Date "2002.04.28"]
[Round "15.5"]
[White "Chandler, Murray G"]
[Black "Bosch, Jeroen"]
[Result "1/2-1/2"]
[WhiteElo "2540"]
[BlackElo "2475"]
[PlyCount "37"]
[EventDate "2001.10.06"]
[EventType "team"]
[EventRounds "15"]
[EventCountry "GER"]
[SourceTitle "Bundesliga 0102"]
[Source "DeepChess"]
[SourceDate "2005.01.01"]
[SourceVersion "1"]
[SourceVersionDate "2005.01.01"]
[SourceQuality "1"]
[WhiteTeam "SG 1868 Aljech. Solingen"]
[BlackTeam "SV Castrop Rauxel 1923"]
[WhiteTeamCountry "GER"]
[BlackTeamCountry "GER"]

1. e4 c5 2. Nc3 Nc6 3. Nf3 e5 4. Bc4 Be7 5. d3 Nf6 6. Nd2 d6 7. Nf1 Bg4 8. f3
Be6 9. Ne3 O-O 10. a3 Ne8 11. O-O Bg5 12. g3 Bxe3+ 13. Bxe3 Nc7 14. Qd2 b6 15.
f4 d5 16. exd5 Nxd5 17. Bxd5 Bxd5 18. Nxd5 Qxd5 19. Qg2 1/2-1/2